00741cam a2200217 a 4500020001500000040000800015082002600023100002400049245006500073250001200138260004100150300004100191650002700232650003600259650003800295650002700333700002400360700002300384856006200407856005400469 a0072902833 cDLC00a658 IRW 1999 A091 Or.1 aApplegate, Lynda M.10aCorporate information systems management :btext and cases / a5th ed. aBoston :bIrwin/McGraw-Hill,cc1999. axvi, 703 p. :bill., 1 map ;c24 cm. 0aInformation technology 0aManagement information systems. 0aInformation resources management. 0aInformation technology1 aMcFarlan, F. Warren1 aMcKenney, James L.42uhttp://www.loc.gov/catdir/description/mh023/98054098.html41uhttp://www.loc.gov/catdir/toc/mh022/98054098.html